Cloud Security and Privacy (Record no. 12502)

MARC details
000 -LEADER
fixed length control field 00433nam a22001817a 4500
003 - CONTROL NUMBER IDENTIFIER
control field OSt
008 - FIXED-LENGTH DATA ELEMENTS--GENERAL INFORMATION
fixed length control field 240415b |||||||| |||| 00| 0 eng d
020 ## - INTERNATIONAL STANDARD BOOK NUMBER
International Standard Book Number 9788184048155
082 ## - DEWEY DECIMAL CLASSIFICATION NUMBER
Classification number 005.8 Mac
100 ## - MAIN ENTRY--PERSONAL NAME
Personal name TIM,Mathur
245 ## - TITLE STATEMENT
Title Cloud Security and Privacy
250 ## - EDITION STATEMENT
Edition statement 11th Ed
260 ## - PUBLICATION, DISTRIBUTION, ETC. (IMPRINT)
Place of publication, distribution, etc New Delhi
Name of publisher, distributor, etc Shroff Publishers
Date of publication, distribution, etc 2023
300 ## - PHYSICAL DESCRIPTION
Extent 312
700 ## - ADDED ENTRY--PERSONAL NAME
Personal name KUMARASWAMY,Subra
700 ## - ADDED ENTRY--PERSONAL NAME
Personal name LATIF,Shahed
942 ## - ADDED ENTRY ELEMENTS (KOHA)
Source of classification or shelving scheme Dewey Decimal Classification
Koha item type Reference Books
Holdings
Withdrawn status Lost status Source of classification or shelving scheme Damaged status Not for loan Collection code Home library Current library Date acquired Source of acquisition Currency Cost, normal purchase price Bill Number Total Checkouts Full call number Acc. no. / Barcode Date last seen Actual Cost, discounted price Bill Date Koha item type
    Dewey Decimal Classification     B.Tech(IT) PIET C-LIBRARY PIET C-LIBRARY 31/03/2024 Zafaa Books and Distributors In rupees 1100.00 ZBD0489   005.8 MAC 36966 15/04/2024 825.00 31/03/2024 Reference Books

Design & Developed by: PIET Central Library
R70 Miles Stone Pattikalyana Samalkha Panipat 132102
mail ID :- [email protected], Phone No:- 0180-2569700 Ex.216